Normal view
MARC view
- English Language - Grammar
Entry Topical Term
001 - CONTROL NUMBER
- control field: 5990
003 - CONTROL NUMBER IDENTIFIER
- control field: JO-AjAnu
005 - DATE AND TIME OF LATEST TRANSACTION
- control field: 20230606071255.0
008 - FIXED-LENGTH DATA ELEMENTS
- fixed length control field: 230606|| aca||aabn | a|a d
040 ## - CATALOGING SOURCE
- Original cataloging agency: JO-AjAnu
- Transcribing agency: JO-AjAnu
150 ## - HEADING--TOPICAL TERM
- Topical term or geographic name entry element: English Language - Grammar
670 ## - SOURCE DATA FOUND
- Source citation: Work cat.: (JO-AjAnu)3103: Woodrow, Lindy, author 5989, Introducing Course Design in English for Specific Purposes